=LDR 00000nam 2200000 4500 =001 INLIS000000000016808 =005 20130612112040 =008 ***********************************Ind** =035 ##$$0010-061300000016808 =041 ##$$a Ind =082 ##$$a 028.55 =090 ##$$a 028.55, Wal s =100 ##$$a Waluyo, Sapto =245 ##$$a Sandera, Sapto Waluyo =260 ##$$a 2002 $b Jakarta =300 ##$$a 35 hlm, ilus, 28 cm =650 ##$$a Bacaan anak-anak =850 ##$$a NBPNMAT